000
00350nam a2200157Ia 4500
005
20250425161340.0
008
250425s9999 xx 000 0 und d
041
_a
spa
082
_a
621.43
245
0
_a
MAQUINAS DE COMBUSTION INTERNA
250
_a
S.E.
260
_a
S.L.
260
_a
Sin Pais
_b
ESPOL
_c
1974
942
_c
01
010
_a
18303
999
_c
207445
_d
207445